African Countries with Three Borders (with a map) - Statistics

General Stats
  • This quiz has been taken 421 times
    398 since last reset
  • The average score is 27 of 33
Answers on the Map
Answers color-coded by a green-red scale on the quiz's map according to % correct below.
 
Answer Stats
Country % Correct
Somalia
95%
Djibouti
92%
Eritrea
92%
Ghana
91%
Togo
91%
D. R. Congo
90%
Gabon
89%
Ethiopia
88%
Malawi
87%
Rep. of the Congo
87%
Burundi
85%
Sudan
85%
Sudan
85%
Liberia
84%
Benin
83%
Rwanda
83%
Tanzania
83%
Zambia
83%
Egypt
82%
Burkina Faso
80%
Mozambique
80%
Cameroon
79%
Cote d'Ivoire
79%
Kenya
78%
Libya
78%
Guinea
77%
Algeria
75%
Morocco
75%
Equatorial Guinea
74%
Sierra Leone
72%
Mauritania
71%
Israel
47%
Spain
43%
No matching quizzes found
Score Distribution
Percent of People with Each Score
Percentile by Number Answered
Your Score History
You have not taken this quiz since the last reset